88 món ăn thông dụng trong gia đình

में बचाया:
ग्रंथसूची विवरण
मुख्य लेखक: Nguyễn Trúc Linh
स्वरूप: पुस्तक
भाषा:Undetermined
प्रकाशित: Hà Nội Thanh Niên 2000
विषय:
टैग : टैग जोड़ें
कोई टैग नहीं, इस रिकॉर्ड को टैग करने वाले पहले व्यक्ति बनें!
Thư viện lưu trữ: Trung tâm Học liệu Trường Đại học Cần Thơ
LEADER 00524nam a2200193Ia 4500
001 CTU_42673
008 210402s9999 xx 000 0 und d
020 |b 8.000đ 
082 |a 641.5 
082 |b L312 
100 |a Nguyễn Trúc Linh 
245 0 |a 88 món ăn thông dụng trong gia đình 
245 0 |c Nguyễn Trúc Linh 
260 |a Hà Nội 
260 |b Thanh Niên 
260 |c 2000 
650 |a cookery 
904 |i Minh, 010731 
980 |a Trung tâm Học liệu Trường Đại học Cần Thơ